00269nam a2200109 4500020001500000082001600015100001600031245003600047260004900083300000700132490002000139 a9559244078 a664.022 WEL aJ.Welihinda aExtraction of Energy from Foods aColombobInstitute of Chemistry,Ceylonc2000 a41 aMonograph No.08